[Event "Budapest FS05 Nadassy"]
[Site "Budapest"]
[Date "2021.05.11"]
[Round "10.5"]
[White "Gergely, Daniel"]
[Black "Acs, Gabor"]
[Result "1/2-1/2"]
[WhiteElo "1731"]
[BlackElo "1977"]
[PlyCount "63"]
[EventDate "2021.05.01"]
[EventType "schev"]
[EventRounds "10"]
[EventCountry "HUN"]
[SourceTitle "CBM 202 Extra"]
[Source "ChessBase"]
[SourceDate "2021.07.31"]
[SourceVersion "1"]
[SourceVersionDate "2021.07.31"]
[SourceQuality "1"]
[WhiteTeam "Weaker Row"]
[BlackTeam "Stronger Row"]
[WhiteTeamCountry "HUN"]
[BlackTeamCountry "HUN"]

1. d4 d5 2. c4 e6 3. Nc3 Nf6 4. cxd5 exd5 5. Bg5 c6 6. e3 Bf5 7. Qf3 Bg6 8. Bxf6 Qxf6 9. Qxf6 gxf6 10. Nf3 Bd6 11. Nh4 h5 12. f4 Be4 13. Nxe4 dxe4 14. Nf5 Bb4+ 15. Kf2 Nd7 16. a3 Be7 17. Ng3 c5 18. Rd1 cxd4 19. Rxd4 0-0-0 20. Nxe4 f5 21. Nd6+ Bxd6 22. Rxd6 Nc5 23. Rxd8+ Rxd8 24. Be2 Ne4+ 25. Kf3 Rd2 26. Rc1+ Kb8 27. Rd1 Rxb2 28. Rd7 f6 29. Rh7 Nd2+ 30. Kg3 Ne4+ 31. Kf3 Nd2+ 32. Kg3 1/2-1/2

[Event "Budapest FS05 Nadassy"]
[Site "Budapest"]
[Date "2021.05.10"]
[Round "9.5"]
[White "Acs, Gabor"]
[Black "Gulacsi, Donat Ferenc"]
[Result "1/2-1/2"]
[WhiteElo "1977"]
[BlackElo "1855"]
[PlyCount "84"]
[EventDate "2021.05.01"]
[EventType "schev"]
[EventRounds "10"]
[EventCountry "HUN"]
[SourceTitle "CBM 202 Extra"]
[Source "ChessBase"]
[SourceDate "2021.07.31"]
[SourceVersion "1"]
[SourceVersionDate "2021.07.31"]
[SourceQuality "1"]
[WhiteTeam "Stronger Row"]
[BlackTeam "Weaker Row"]
[WhiteTeamCountry "HUN"]
[BlackTeamCountry "HUN"]

1. e4 e5 2. Nf3 f5 3. Nxe5 Qf6 4. d4 d6 5. Nc4 fxe4 6. Nc3 Qg6 7. Nd5 Qf7 8. Nde3 Nd7 9. d5 Ndf6 10. Nd2 Nxd5 11. Nxe4 Nxe3 12. Bxe3 Be7 13. Bd3 h6 14. 0-0 Nf6 15. Qf3 Nxe4 16. Qxe4 d5 17. Qg6 Be6 18. Rae1 Qxg6 19. Bxg6+ Kd7 20. Bd4 Bf6 21. Bxf6 gxf6 22. h4 Rhg8 23. h5 Rg7 24. f4 Re7 25. Rd1 c6 26. c4 Kc7 27. Rfe1 Kd6 28. f5 Bg8 29. c5+ Kd7 30. Kf2 Rxe1 31. Rxe1 b6 32. Rc1 Rb8 33. b3 bxc5 34. Rxc5 Rb5 35. Rxb5 cxb5 36. Ke3 b4 37. Kd4 Kd6 38. g3 Kc6 39. Be8+ Kd6 40. g4 a6 41. Bg6 a5 42. Be8 Ke7 1/2-1/2

[Event "Budapest FS05 Nadassy"]
[Site "Budapest"]
[Date "2021.05.08"]
[Round "7.5"]
[White "Acs, Gabor"]
[Black "Toth, Nikoletta"]
[Result "1/2-1/2"]
[WhiteElo "1977"]
[BlackElo "1915"]
[PlyCount "75"]
[EventDate "2021.05.01"]
[EventType "schev"]
[EventRounds "10"]
[EventCountry "HUN"]
[SourceTitle "CBM 202 Extra"]
[Source "ChessBase"]
[SourceDate "2021.07.31"]
[SourceVersion "1"]
[SourceVersionDate "2021.07.31"]
[SourceQuality "1"]
[WhiteTeam "Stronger Row"]
[BlackTeam "Weaker Row"]
[WhiteTeamCountry "HUN"]
[BlackTeamCountry "HUN"]

1. e4 e5 2. Nf3 Nc6 3. Bb5 a6 4. Bxc6 dxc6 5. Nc3 f6 6. d4 exd4 7. Qxd4 Qxd4 8. Nxd4 Bd7 9. Be3 0-0-0 10. 0-0-0 Ne7 11. Rhe1 c5 12. Nde2 Ng6 13. Nd5 Bd6 14. Nb6+ cxb6 15. Rxd6 Bc6 16. Rxd8+ Rxd8 17. f3 Nh4 18. Bf2 Nxg2 19. Rg1 Bb5 20. Nc3 Nf4 21. Rxg7 Ne2+ 22. Kb1 Nxc3+ 23. bxc3 Be2 24. Rxh7 Bxf3 25. Re7 Rd2 26. Bg3 Re2 27. Rc7+ Kd8 28. Rxb7 Bxe4 29. Rxb6 Rxc2 30. Re6 Bh7 31. Rxa6 Rxh2+ 32. Ka1 Rh3 33. Bf2 f5 34. Bxc5 Rxc3 35. Ra8+ Kd7 36. Ra7+ Kc6 37. Rxh7 Kxc5 38. Kb2 1/2-1/2

[Event "Budapest FS05 Nadassy"]
[Site "Budapest"]
[Date "2021.05.03"]
[Round "3.5"]
[White "Acs, Gabor"]
[Black "Csontos, Aron"]
[Result "1/2-1/2"]
[WhiteElo "1977"]
[BlackElo "1809"]
[PlyCount "73"]
[EventDate "2021.05.01"]
[EventType "schev"]
[EventRounds "10"]
[EventCountry "HUN"]
[SourceTitle "CBM 202 Extra"]
[Source "ChessBase"]
[SourceDate "2021.07.31"]
[SourceVersion "1"]
[SourceVersionDate "2021.07.31"]
[SourceQuality "1"]
[WhiteTeam "Stronger Row"]
[BlackTeam "Weaker Row"]
[WhiteTeamCountry "HUN"]
[BlackTeamCountry "HUN"]

1. d4 d5 2. c4 e6 3. Nc3 Nf6 4. Bg5 Be7 5. Nf3 h6 6. Bh4 0-0 7. e3 b6 8. Bd3 Bb7 9. 0-0 Nbd7 10. Rc1 a6 11. cxd5 exd5 12. Re1 Ne4 13. Bxe7 Qxe7 14. Qb3 Ndf6 15. a3 Rac8 16. Red1 Rfd8 17. Qa2 Nxc3 18. bxc3 c5 19. c4 dxc4 20. Bxc4 b5 21. Be2 Bd5 22. Qb2 c4 23. Nd2 Ne4 24. Nxe4 Qxe4 25. Bf3 Qf5 26. Bxd5 Qxd5 27. Qe2 c3 28. Rd3 Qb3 29. Qc2 Qxa3 30. Rxc3 Rxc3 31. Qxc3 Qxc3 32. Rxc3 b4 33. Rc6 a5 34. Rb6 Rc8 35. Kf1 Rc3 36. Rb8+ Kh7 37. d5 1/2-1/2

[Event "EU-ch Online U2300 Qual"]
[Site "Chess.com INT"]
[Date "2020.05.25"]
[Round "2"]
[White "Acs, Gabor"]
[Black "Frisk, Ellinor"]
[Result "1-0"]
[WhiteElo "1977"]
[BlackElo "2176"]
[PlyCount "69"]
[EventDate "2020.05.25"]
[EventType "swiss"]
[EventRounds "8"]
[EventCountry "NET"]
[SourceTitle "EXT 2021"]
[Source "ChessBase"]
[SourceDate "2020.10.23"]
[SourceVersion "1"]
[SourceVersionDate "2020.10.23"]
[SourceQuality "1"]

1. e4 c5 2. c3 g6 3. d4 cxd4 4. cxd4 d5 5. e5 Nc6 6. h3 f6 7. Nf3 fxe5 8. dxe5 Bg7 9. Nc3 e6 10. Bf4 Nge7 11. Bd3 0-0 12. Bh2 d4 13. Ne4 Qd5 14. Nf6+ Bxf6 15. exf6 Rxf6 16. 0-0 Bd7 17. Re1 Raf8 18. Be4 Qh5 19. Nxd4 Qxd1 20. Raxd1 Rxf2 21. Nf3 R2xf3 22. Bxf3 Nd5 23. Bxd5 exd5 24. Rxd5 Bf5 25. g4 Bc2 26. Bg3 a6 27. Rd2 Ba4 28. b3 Bb5 29. a4 Rf3 30. Kg2 Rxb3 31. axb5 Rxb5 32. Rd7 Rb2+ 33. Kf1 Kf8 34. Bd6+ Kg8 35. Re8# 1-0

[Event "EU-ch Online U2300 Qual"]
[Site "Chess.com INT"]
[Date "2020.05.25"]
[Round "4"]
[White "Rabatin, Jakub"]
[Black "Acs, Gabor"]
[Result "0-1"]
[WhiteElo "2271"]
[BlackElo "1977"]
[PlyCount "114"]
[EventDate "2020.05.25"]
[EventType "swiss"]
[EventRounds "8"]
[EventCountry "NET"]
[SourceTitle "EXT 2021"]
[Source "ChessBase"]
[SourceDate "2020.10.23"]
[SourceVersion "1"]
[SourceVersionDate "2020.10.23"]
[SourceQuality "1"]

1. e4 e5 2. Nf3 Nc6 3. Bb5 a6 4. Ba4 d6 5. c3 Bd7 6. 0-0 g6 7. d4 Bg7 8. dxe5 dxe5 9. Bg5 Nge7 10. Nbd2 h6 11. Be3 0-0 12. Qe2 b6 13. Bb3 Qc8 14. Rad1 Be6 15. Nc4 b5 16. Ncd2 Na5 17. Bc5 Nxb3 18. axb3 Re8 19. Rfe1 Qb7 20. b4 Nc6 21. Nf1 a5 22. Ne3 a4 23. Nd5 a3 24. bxa3 Rxa3 25. Ra1 Rea8 26. Qb2 R3a4 27. Red1 Nb8 28. Ne7+ Kh7 29. Nd2 Rxa1 30. Rxa1 Nd7 31. Rxa8 Qxa8 32. Be3 f5 33. exf5 gxf5 34. g4 f4 35. Qc2+ Kh8 36. Qg6 Nf8 37. Qh5 fxe3 38. fxe3 Qa1+ 39. Nf1 Qxc3 40. g5 Qxb4 41. gxh6 Bf6 42. Nf5 Bxf5 43. Qxf5 Qh4 44. Ng3 Qxh6 45. Ne4 Qxe3+ 46. Kg2 Qe2+ 47. Kg1 Bg7 48. Ng5 Qd1+ 49. Kg2 Qd5+ 50. Kg3 Qc4 51. Ne4 Qe6 52. Qh5+ Qh6 53. Qe2 Qf4+ 54. Kg2 b4 55. Nc5 Qg5+ 56. Kf1 Qc1+ 57. Kg2 Qxc5 0-1

[Event "HUN-chT2 Barcza 1819"]
[Site "Hungary"]
[Date "2019.02.10"]
[Round "7.6"]
[White "Acs, Gabor"]
[Black "Borsavolgyi, Tamas"]
[Result "1/2-1/2"]
[WhiteElo "2071"]
[BlackElo "2216"]
[PlyCount "30"]
[EventDate "2018.09.23"]
[EventType "team-tourn"]
[EventRounds "11"]
[EventCountry "HUN"]
[SourceTitle "CBM 189 Extra"]
[Source "ChessBase"]
[SourceDate "2019.06.03"]
[SourceVersion "1"]
[SourceVersionDate "2019.06.03"]
[SourceQuality "1"]
[WhiteTeam "Szirmabesenyo"]
[BlackTeam "Nyiregyhaza SISE"]
[WhiteTeamCountry "HUN"]
[BlackTeamCountry "HUN"]

1. e4 c5 2. c3 Nf6 3. e5 Nd5 4. g3 d6 5. exd6 e6 6. Bg2 Bxd6 7. Nf3 0-0 8. 0-0 Nc6 9. Na3 Ne5 10. Nxe5 Bxe5 11. d3 Rb8 12. Nc4 Bc7 13. Qe2 b6 14. Ne3 Nxe3 15. Bxe3 Bb7 1/2-1/2

[Event "HUN-chT2 Barcza 1718"]
[Site "Hungary"]
[Date "2018.03.25"]
[Round "10.5"]
[White "Szakaly, Balazs"]
[Black "Acs, Gabor"]
[Result "1/2-1/2"]
[WhiteElo "2050"]
[BlackElo "2078"]
[PlyCount "125"]
[EventDate "2017.09.24"]
[EventType "team-tourn"]
[EventRounds "11"]
[EventCountry "HUN"]
[SourceTitle "EXT 2021"]
[Source "ChessBase"]
[SourceDate "2020.10.23"]
[SourceVersion "1"]
[SourceVersionDate "2020.10.23"]
[SourceQuality "1"]
[WhiteTeam "Bajnok Sakkiskola"]
[BlackTeam "Lillafured DVTK II"]
[WhiteTeamCountry "HUN"]
[BlackTeamCountry "HUN"]

1. e4 e5 2. Nf3 Nc6 3. Bb5 a6 4. Ba4 d6 5. d4 b5 6. Bb3 Nxd4 7. Nxd4 exd4 8. a4 Bb7 9. axb5 axb5 10. Rxa8 Qxa8 11. Qh5 d5 12. 0-0 c5 13. Bxd5 Bxd5 14. exd5 Bd6 15. Qe2+ Kf8 16. Qxb5 Qxd5 17. Na3 g6 18. Nc4 Kg7 19. b4 Nf6 20. Nxd6 Qxd6 21. bxc5 Qd5 22. Bb2 Rc8 23. Qd3 Qxc5 24. Rc1 Kg8 25. Bxd4 Qd6 26. Rd1 Nh5 27. g3 Ng7 28. Qe2 Qe6 29. Qd2 Nf5 30. Ba1 f6 31. Qd7 Qxd7 32. Rxd7 Rxc2 33. Bxf6 h5 34. h3 Rc6 35. Bg5 Rd6 36. Rb7 Nd4 37. Kg2 Rc6 38. Rd7 Ne6 39. Be3 Rc7 40. Rd6 Kf7 41. Ra6 Rb7 42. Kf3 Rd7 43. Ke4 Rb7 44. h4 Rb4+ 45. Ke5 Rb5+ 46. Kd6 Rb3 47. Ra5 Rd3+ 48. Ke5 Rd7 49. Ra6 Re7 50. Kd6 Ng7 51. Kd5 Ne6 52. Ra7 Nc7+ 53. Kc6 Ne6 54. Ra3 Nd8+ 55. Kd5 Ne6 56. Bg5 Nxg5 57. hxg5 Rd7+ 58. Ke5 Re7+ 59. Kf4 Rb7 60. Ra4 Rb5 61. Ra7+ Kf8 62. Ra8+ Kf7 63. Ra7+ 1/2-1/2

[Event "HUN-chT2 Barcza 1718"]
[Site "Hungary"]
[Date "2017.10.08"]
[Round "2.7"]
[White "Acs, Gabor"]
[Black "Varga, Marcell1111"]
[Result "1/2-1/2"]
[WhiteElo "2139"]
[BlackElo "2003"]
[PlyCount "45"]
[EventDate "2017.09.24"]
[EventType "team-tourn"]
[EventRounds "11"]
[EventCountry "HUN"]
[SourceTitle "EXT 2021"]
[Source "ChessBase"]
[SourceDate "2020.10.23"]
[SourceVersion "1"]
[SourceVersionDate "2020.10.23"]
[SourceQuality "1"]
[WhiteTeam "Lillafured DVTK II"]
[BlackTeam "Nyiregyhaza SISE"]
[WhiteTeamCountry "HUN"]
[BlackTeamCountry "HUN"]

1. e4 e5 2. Nf3 Nc6 3. Bc4 Bc5 4. Nc3 Nf6 5. d3 h6 6. Nd5 d6 7. c3 0-0 8. b4 Bb6 9. a4 a6 10. Nxb6 cxb6 11. 0-0 Be6 12. Qe2 Qc7 13. Nd2 Ne7 14. Bb2 Ng6 15. g3 Rfd8 16. Bxe6 fxe6 17. f4 Rf8 18. c4 exf4 19. gxf4 e5 20. f5 Nf4 21. Rxf4 exf4 22. Rf1 b5 23. a5 1/2-1/2

[Event "HUN-chT2 Barcza 1718"]
[Site "Hungary"]
[Date "2017.09.24"]
[Round "1.5"]
[White "Duzs, Jozsef"]
[Black "Acs, Gabor"]
[Result "1/2-1/2"]
[WhiteElo "1972"]
[BlackElo "2144"]
[PlyCount "77"]
[EventDate "2017.09.24"]
[EventType "team-tourn"]
[EventRounds "11"]
[EventCountry "HUN"]
[SourceTitle "EXT 2021"]
[Source "ChessBase"]
[SourceDate "2020.10.23"]
[SourceVersion "1"]
[SourceVersionDate "2020.10.23"]
[SourceQuality "1"]
[WhiteTeam "Edeleny"]
[BlackTeam "Lillafured DVTK II"]
[WhiteTeamCountry "HUN"]
[BlackTeamCountry "HUN"]

1. d4 d5 2. Nf3 Nf6 3. Bf4 c5 4. e3 Nc6 5. c3 Qb6 6. Qb3 c4 7. Qxb6 axb6 8. Nbd2 Bf5 9. Be2 h6 10. h3 e6 11. 0-0 b5 12. a3 Ne4 13. Nxe4 Bxe4 14. Nd2 Bc2 15. Rac1 Bh7 16. f3 g5 17. Bh2 Kd7 18. e4 Bd6 19. Bxd6 Kxd6 20. Bd1 Ne7 21. Bc2 h5 22. Rf2 Ng6 23. e5+ Ke7 24. Bxg6 Bxg6 25. Nf1 f5 26. f4 gxf4 27. Rxf4 Rhg8 28. Ne3 Bf7 29. Rcf1 Rg7 30. Kh2 Rag8 31. R1f2 Be8 32. R2f3 Kd7 33. g3 Kc6 34. Nf1 Kb6 35. Nd2 Ka5 36. Re3 Ka4 37. Kg2 Rh8 38. h4 Rhg8 39. Ref3 1/2-1/2

[Event "HUN-chT2 Barcza 1617"]
[Site "Hungary"]
[Date "2017.04.09"]
[Round "11.6"]
[White "Ruboczki, Tibor"]
[Black "Acs, Gabor"]
[Result "1/2-1/2"]
[WhiteElo "2067"]
[BlackElo "2145"]
[PlyCount "82"]
[EventDate "2016.09.25"]
[EventType "team-tourn"]
[EventRounds "11"]
[EventCountry "HUN"]
[SourceTitle "EXT 2021"]
[Source "ChessBase"]
[SourceDate "2020.10.23"]
[SourceVersion "1"]
[SourceVersionDate "2020.10.23"]
[SourceQuality "1"]
[WhiteTeam "Nyiregyhaza SISE"]
[BlackTeam "Lillafured DVTK II"]
[WhiteTeamCountry "HUN"]
[BlackTeamCountry "HUN"]

1. d4 d5 2. c4 e6 3. Nf3 Nf6 4. Nc3 Be7 5. Bg5 h6 6. Bh4 0-0 7. e3 Ne4 8. Bxe7 Qxe7 9. cxd5 Nxc3 10. bxc3 exd5 11. Ne5 Nd7 12. Nxd7 Bxd7 13. Bd3 a6 14. 0-0 Bb5 15. a4 Bxd3 16. Qxd3 Qe6 17. Rab1 b6 18. Rfc1 Qd7 19. c4 Qxa4 20. cxd5 Qd7 21. e4 a5 22. Rc6 Ra7 23. Qc4 a4 24. e5 a3 25. h3 a2 26. Ra1 Rfa8 27. d6 cxd6 28. Rxd6 Qb7 29. e6 b5 30. exf7+ Qxf7 31. Qxb5 Rb7 32. Rb6 Rab8 33. Rxb7 Rxb7 34. Qd3 Rb2 35. f3 Kh8 36. Qe4 Qa7 37. Kh2 Rd2 38. Qe3 Qb8+ 39. Qe5 Qa8 40. Qe3 Rb2 41. Qe4 Qd8 1/2-1/2

[Event "HUN-chT2 Maroczy 1516"]
[Site "Hungary"]
[Date "2016.03.20"]
[Round "7.8"]
[White "Linczer, Janos"]
[Black "Acs, Gabor"]
[Result "0-1"]
[WhiteElo "2156"]
[BlackElo "2142"]
[PlyCount "96"]
[EventDate "2015.10.18"]
[EventType "team-tourn"]
[EventRounds "9"]
[EventCountry "HUN"]
[SourceTitle "EXT 2017"]
[Source "ChessBase"]
[SourceDate "2016.10.25"]
[SourceVersion "1"]
[SourceVersionDate "2016.10.25"]
[SourceQuality "1"]
[WhiteTeam "Maroczy"]
[BlackTeam "DVTK EMSE"]
[WhiteTeamCountry "HUN"]
[BlackTeamCountry "HUN"]

1. e4 e5 2. Nf3 Nc6 3. Bb5 a6 4. Ba4 d6 5. 0-0 Bd7 6. c3 g6 7. d4 Bg7 8. Be3 Nge7 9. Qd2 0-0 10. Bc2 Bg4 11. Ne1 d5 12. h3 Be6 13. dxe5 Nxe5 14. Na3 dxe4 15. Bxe4 Qxd2 16. Bxd2 Nc4 17. Nf3 Nxa3 18. bxa3 Bd5 19. Bxd5 Nxd5 20. Rac1 Rfd8 21. c4 Ne7 22. Rb1 b6 23. Bf4 Rd7 24. Rfd1 Rad8 25. Rxd7 Rxd7 26. c5 b5 27. a4 c6 28. axb5 axb5 29. Re1 h6 30. Bd6 Nf5 31. Re8+ Kh7 32. Bb8 Rd1+ 33. Kh2 Rd5 34. Ne5 Bxe5+ 35. Bxe5 Ng7 36. Re7 Rxc5 37. f4 Kg8 38. Rc7 g5 39. Bd6 Rc4 40. fxg5 hxg5 41. Be5 b4 42. Rc8+ Kh7 43. Rf8 Kg6 44. Rg8 f6 45. Bd6 Kf7 46. Rb8 c5 47. Rb7+ Kg6 48. Re7 Nf5 0-1

[Event "HUN-chT2 Maroczy 1516"]
[Site "Hungary"]
[Date "2016.02.28"]
[Round "6.7"]
[White "Balogh, David"]
[Black "Acs, Gabor"]
[Result "1-0"]
[WhiteElo "2173"]
[BlackElo "2142"]
[PlyCount "75"]
[EventDate "2015.10.18"]
[EventType "team-tourn"]
[EventRounds "9"]
[EventCountry "HUN"]
[SourceTitle "EXT 2017"]
[Source "ChessBase"]
[SourceDate "2016.10.25"]
[SourceVersion "1"]
[SourceVersionDate "2016.10.25"]
[SourceQuality "1"]
[WhiteTeam "Kisujszallas"]
[BlackTeam "DVTK EMSE"]
[WhiteTeamCountry "HUN"]
[BlackTeamCountry "HUN"]

1. d4 d5 2. Nc3 Nf6 3. Bg5 Nbd7 4. Nf3 h6 5. Bh4 e6 6. e3 Be7 7. Bd3 b6 8. 0-0 Bb7 9. Ne5 0-0 10. f4 Ne4 11. Bxe7 Qxe7 12. Nxd7 Qxd7 13. Nxe4 dxe4 14. Be2 Rac8 15. c3 Rfd8 16. Qb3 c5 17. Rad1 Qe7 18. Qa3 Bd5 19. c4 Ba8 20. Rd2 Kf8 21. Rfd1 cxd4 22. Qxe7+ Kxe7 23. Rxd4 Rxd4 24. Rxd4 Rd8 25. Rxd8 Kxd8 26. Kf2 Ke7 27. b4 Kd6 28. h4 e5 29. g3 Bc6 30. Bd1 f6 31. h5 Bd7 32. g4 Be6 33. Be2 Kc7 34. a3 Kd6 35. Ke1 exf4 36. exf4 f5 37. gxf5 Bxf5 38. Kd2 1-0

[Event "HUN-chT2 Barcza 1415"]
[Site "Hungary"]
[Date "2014.10.12"]
[Round "?"]
[White "Ruboczki, Tibor"]
[Black "Acs, Gabor"]
[Result "1/2-1/2"]
[WhiteElo "2006"]
[BlackElo "2162"]
[PlyCount "50"]
[EventDate "2014.09.07"]
[EventType "team-tourn"]
[EventRounds "11"]
[EventCountry "HUN"]
[SourceTitle "EXT 2016"]
[Source "ChessBase"]
[SourceDate "2015.10.08"]
[SourceVersion "1"]
[SourceVersionDate "2015.10.08"]
[SourceQuality "1"]
[WhiteTeam "Nyiregyhaza"]
[BlackTeam "Miskolc Sakkiskola"]
[WhiteTeamCountry "HUN"]
[BlackTeamCountry "HUN"]

1. d4 d5 2. c4 e6 3. Nf3 c6 4. e3 Nf6 5. b3 Nbd7 6. Nbd2 Bb4 7. Bb2 0-0 8. Bd3 b6 9. 0-0 Bb7 10. Ne5 Rc8 11. a3 Be7 12. cxd5 Nxe5 13. dxe5 Nxd5 14. Ne4 Nc7 15. Qe2 Ne8 16. Rfd1 Qc7 17. Qg4 Kh8 18. Nd6 Bxd6 19. exd6 Qd7 20. e4 Rd8 21. e5 f6 22. Qh4 f5 23. Bc1 Qf7 24. Bg5 Rd7 25. Be7 Rg8 1/2-1/2

[Event "Puspokladany Arnoth Memorial 07th"]
[Site "Puspokladany"]
[Date "2014.07.20"]
[Round "8"]
[White "Szurovszky, Elek"]
[Black "Acs, Gabor"]
[Result "1/2-1/2"]
[WhiteElo "2064"]
[BlackElo "2168"]
[PlyCount "25"]
[EventDate "2014.07.16"]
[EventType "swiss"]
[EventRounds "9"]
[EventCountry "HUN"]
[SourceTitle "EXT 2016"]
[Source "ChessBase"]
[SourceDate "2015.10.08"]
[SourceVersion "1"]
[SourceVersionDate "2015.10.08"]
[SourceQuality "1"]

1. e4 e5 2. Nf3 Nc6 3. Bb5 a6 4. Ba4 d6 5. 0-0 Nge7 6. c3 Bd7 7. d4 Ng6 8. d5 Nb8 9. Bxd7+ Nxd7 10. c4 Be7 11. Nc3 0-0 12. Be3 h6 13. b4 1/2-1/2

[Event "HUN-chT2 Barcza 1314"]
[Site "Hungary"]
[Date "2013.11.03"]
[Round "4"]
[White "Acs, Gabor"]
[Black "Borsavolgyi, Tamas"]
[Result "1/2-1/2"]
[WhiteElo "2175"]
[BlackElo "2224"]
[PlyCount "29"]
[EventDate "2013.09.08"]
[EventType "team-tourn"]
[EventRounds "11"]
[EventCountry "HUN"]
[SourceTitle "EXT 2016"]
[Source "ChessBase"]
[SourceDate "2015.10.08"]
[SourceVersion "1"]
[SourceVersionDate "2015.10.08"]
[SourceQuality "1"]
[WhiteTeam "Miskolc EMSE"]
[BlackTeam "Hajduszoboszlo"]
[WhiteTeamCountry "HUN"]
[BlackTeamCountry "HUN"]

1. e4 c5 2. c3 Nf6 3. e5 Nd5 4. d4 cxd4 5. cxd4 d6 6. Nf3 e6 7. Bc4 Nb6 8. Bd3 Bd7 9. 0-0 Bc6 10. a3 N8d7 11. b4 Be7 12. Bb2 Na4 13. Bc1 Nab6 14. Bb2 Na4 15. Bc1 1/2-1/2

[Event "HUN-chT2 Barcza 1213"]
[Site "Hungary"]
[Date "2013.03.17"]
[Round "9.1"]
[White "Barva, Attila"]
[Black "Acs, Gabor"]
[Result "1-0"]
[WhiteElo "2378"]
[BlackElo "2219"]
[PlyCount "47"]
[EventDate "2012.09.16"]
[EventType "team-tourn"]
[EventRounds "11"]
[EventCountry "HUN"]
[SourceTitle "EXT 2014"]
[Source "ChessBase"]
[SourceDate "2013.11.20"]
[SourceVersion "1"]
[SourceVersionDate "2013.11.20"]
[SourceQuality "1"]
[WhiteTeam "Edeleny"]
[BlackTeam "Miskolc EMSE"]
[WhiteTeamCountry "HUN"]
[BlackTeamCountry "HUN"]

1. d4 d5 2. Bf4 Nf6 3. e3 c5 4. c3 Nc6 5. Nd2 Qb6 6. Qb3 c4 7. Qc2 g6 8. e4 e6 9. Ngf3 Bd7 10. Be2 h6 11. h3 a5 12. 0-0 a4 13. Rfe1 Be7 14. Ne5 Qd8 15. Nxg6 fxg6 16. exd5 exd5 17. Qxg6+ Kf8 18. Bxh6+ Rxh6 19. Qxh6+ Kf7 20. Bh5+ Nxh5 21. Qxh5+ Kg7 22. Re3 Bd6 23. Qxd5 Qf6 24. Ne4 1-0